00381nam a2200145Ia 4500003000400000005001700004008004100021040001800062041000800080100004600088110001600134245002800150260002000178710003700198OSt20260323153504.0211028s2019 xx 000 0 und d cAIMIT LIBRARY aeng aSawant, Devdatt; Suvaris, Roshan.g161769 aManimozhi R aIOT remote monitoring / aBengaluruc2019 aUnisoft Global Services Pvt Ltd.